000 00926nam a22002297a 4500
005 20240530110916.0
008 220221s2008 ua c g b 000 0 ara d
017 _bمصر. دار الكتب
040 _aEG-CaGPL
_cEG-CaGPL
082 0 4 _221
_a331.137 /
_bا ح
100 0 _aابراهيم محمود عبدالراضى
245 1 0 _aحلول اسلامية فعالة لمشكلة البطالة :
_bمع نماذج لبعض المشروعات الصعيرة والمتوسطة الناجحة للشباب /
_cابراهيم محمود عبدالراضى
250 _aط.1
260 _aالاسكندرية :
_bالمكتب الجامعى الحديث ،
_c2008
300 _a410 ص؛
_c24 سم
650 0 7 _aالبطالة
_2qrmak
650 0 7 _aالمشروعات الصغيرة
_2qrmak
650 0 7 _aالشباب
_2qrmak
651 _2qrmak
942 _2ddc
_cBK
999 _c66400
_d66400